[Event "CYCC U14"]
[Site "Ottawa CAN"]
[Date "2007.07.04"]
[Round "4"]
[White "Parker, Dylan"]
[Black "Szalay, Karoly"]
[Result "0-1"]
[WhiteElo "1434"]
[BlackElo "2174"]
[PlyCount "74"]
[GameId "2160767910659217"]
[EventDate "2007.07.03"]
[EventType "swiss"]
[EventRounds "7"]
[EventCountry "CAN"]
[SourceTitle "EXT 2022"]
[Source "ChessBase"]
[SourceDate "2021.10.06"]
[SourceVersion "1"]
[SourceVersionDate "2021.10.06"]
[SourceQuality "1"]

1. e4 e5 2. Nf3 Nc6 3. Nc3 Nf6 4. Bb5 a6 5. Ba4 b5 6. Bb3 Bc5 7. d3 d6 8. Bg5 h6 9. Bh4 Rb8 10. Nd5 Bg4 11. Nxf6+ gxf6 12. c3 Qe7 13. h3 Bh5 14. g4 Bg6 15. Qd2 b4 16. Ba4 Kd7 17. c4 h5 18. g5 f5 19. exf5 Bxf5 20. g6 f6 21. Rg1 Rbg8 22. O-O-O Qe6 23. Rg3 Bxh3 24. Bxf6 Qxf6 25. Rxh3 Rxg6 26. Rdh1 Rg2 27. Rf1 Qf5 28. Rg3 Rxg3 29. fxg3 Qg4 30. Qg5 Qxg5+ 31. Nxg5 Be3+ 32. Kc2 Bxg5 33. Rf5 Be7 34. Kb3 a5 35. c5 Ke6 36. Rf2 Nd4+ 37. Kc4 d5# 0-1

[Event "CYCC U14"]
[Site "Ottawa CAN"]
[Date "2007.07.04"]
[Round "4"]
[White "Raymer, Elliot"]
[Black "Poulin, Mathieu"]
[Result "0-1"]
[WhiteElo "1827"]
[BlackElo "1107"]
[PlyCount "56"]
[GameId "2160767910659218"]
[EventDate "2007.07.03"]
[EventType "swiss"]
[EventRounds "7"]
[EventCountry "CAN"]
[SourceTitle "EXT 2022"]
[Source "ChessBase"]
[SourceDate "2021.10.06"]
[SourceVersion "1"]
[SourceVersionDate "2021.10.06"]
[SourceQuality "1"]

1. e4 e5 2. Nf3 Nf6 3. Nxe5 d6 4. Nf3 Nxe4 5. Qe2 Qe7 6. d3 Nf6 7. Bg5 Qxe2+ 8. Bxe2 Be7 9. Nc3 c6 10. O-O Na6 11. a3 Nc7 12. Nd4 Ne6 13. Nxe6 Bxe6 14. Bf3 h6 15. Be3 Ng4 16. Bd4 Bf6 17. Bxf6 Nxf6 18. Rfe1 O-O-O 19. b4 Rhe8 20. b5 Bg4 21. Bxg4+ Nxg4 22. bxc6 bxc6 23. Reb1 Nf6 24. Rb2 Kc7 25. Na2 Rb8 26. Nb4 Rb6 27. Rab1 d5 28. Na2 Rxb2 0-1

[Event "CYCC U14"]
[Site "Ottawa CAN"]
[Date "2007.07.04"]
[Round "4"]
[White "Sapozhnikov, Roman"]
[Black "Wang, Jesse BJ"]
[Result "1-0"]
[WhiteElo "2200"]
[BlackElo "1793"]
[PlyCount "63"]
[GameId "2160767910659219"]
[EventDate "2007.07.03"]
[EventType "swiss"]
[EventRounds "7"]
[EventCountry "CAN"]

1. e4 c5 2. Nf3 d6 3. d4 cxd4 4. Nxd4 Nf6 5. Nc3 a6 6. Bg5 e6 7. f4 Nbd7 8. Qf3 Qc7 9. O-O-O b5 10. Bd3 Bb7 11. Rhe1 O-O-O 12. Qh3 Kb8 13. a3 Rc8 14. f5 e5 15. Nb3 Be7 16. Bxf6 Nxf6 17. Qf3 Rhd8 18. Nd5 Nxd5 19. exd5 Bf6 20. Kb1 h5 21. Be4 h4 22. Qe3 Rg8 23. Qd2 g6 24. fxg6 fxg6 25. Na5 Be7 26. Nc6+ Bxc6 27. dxc6 Qb6 28. Rf1 g5 29. Rf7 Rce8 30. Qd5 Qc7 31. Qe6 Qc8 32. Qd7 1-0

[Event "CYCC U14"]
[Site "Ottawa CAN"]
[Date "2007.07.04"]
[Round "4"]
[White "Sundar, Avinaash"]
[Black "Fan, Brendan"]
[Result "1-0"]
[WhiteElo "2081"]
[BlackElo "1914"]
[PlyCount "105"]
[GameId "2160767910659220"]
[EventDate "2007.07.03"]
[EventType "swiss"]
[EventRounds "7"]
[EventCountry "CAN"]

1. c4 Nf6 2. Nc3 e6 3. Nf3 Be7 4. g3 b6 5. Bg2 Bb7 6. O-O c5 7. d4 d5 8. cxd5 exd5 9. Bf4 O-O 10. Rc1 Bd6 11. Bxd6 Qxd6 12. dxc5 bxc5 13. Qb3 Bc6 14. Rfd1 Nbd7 15. Nh4 Rab8 16. Qc2 Qe6 17. e3 Rfd8 18. Ne2 Qe5 19. b3 Qc7 20. Nf5 Kf8 21. Nh4 a5 22. Nf3 a4 23. Nf4 axb3 24. axb3 h6 25. Ne1 Qb7 26. Rb1 g5 27. Nfd3 Qb6 28. Rdc1 Ke7 29. Nxc5 Qxc5 30. Qxc5+ Nxc5 31. Rxc5 Kd6 32. Rc3 Ne4 33. Bxe4 dxe4 34. Rd1+ Bd5 35. Nc2 Ke5 36. Nd4 Rd6 37. Rc5 Rbb6 38. Nb5 Rd7 39. Nc3 Rbd6 40. Rd4 f5 41. g4 fxg4 42. Rxe4+ Kf6 43. Nxd5+ Rxd5 44. Rxd5 Rxd5 45. Rxg4 Rd1+ 46. Kg2 h5 47. Rb4 g4 48. h4 Rd5 49. Rb8 Ke6 50. b4 Rf5 51. Ra8 Rb5 52. Ra5 Rxb4 53. Rxh5 1-0

[Event "CYCC U14"]
[Site "Ottawa CAN"]
[Date "2007.07.04"]
[Round "4"]
[White "Wu, Yilun"]
[Black "Labrador, Jhoyner"]
[Result "0-1"]
[WhiteElo "1713"]
[BlackElo "1533"]
[PlyCount "82"]
[GameId "2160767910659222"]
[EventDate "2007.07.03"]
[EventType "swiss"]
[EventRounds "7"]
[EventCountry "CAN"]
[SourceTitle "EXT 2022"]
[Source "ChessBase"]
[SourceDate "2021.10.06"]
[SourceVersion "1"]
[SourceVersionDate "2021.10.06"]
[SourceQuality "1"]

1. c4 Nf6 2. Nc3 e6 3. d3 c5 4. Nf3 Nc6 5. g3 Be7 6. Bg2 d5 7. cxd5 exd5 8. Bf4 a6 9. Ne5 Nxe5 10. Bxe5 Be6 11. O-O O-O 12. Rc1 Rc8 13. b3 d4 14. Na4 b5 15. Nb2 Bd5 16. Bh3 Nd7 17. Bf4 f5 18. e4 dxe3 19. Bxe3 Bf6 20. Qe2 Bxb2 21. Qxb2 Qe7 22. Bf4 Rc6 23. Rfe1 Re6 24. Rxe6 Qxe6 25. Qd2 Re8 26. Kf1 Ne5 27. Rxc5 Nf3 28. Qe3 Nxh2+ 29. Kg1 Nf3+ 30. Kf1 Nh2+ 31. Kg1 Nf3+ 32. Kf1 Qf7 33. Qc1 Re1+ 34. Qxe1 Nh2+ 35. Ke2 Qh5+ 36. g4 fxg4 37. Rc8+ Kf7 38. Rc7+ Kg8 39. Rc8+ Kf7 40. Rc7+ Kg8 41. Ke3 Qe8+ 0-1

[Event "CYCC U14"]
[Site "Ottawa CAN"]
[Date "2007.07.05"]
[Round "5"]
[White "Abdulla, Adil"]
[Black "Raymer, Elliot"]
[Result "0-1"]
[WhiteElo "1396"]
[BlackElo "1827"]
[PlyCount "70"]
[GameId "2160767910659223"]
[EventDate "2007.07.03"]
[EventType "swiss"]
[EventRounds "7"]
[EventCountry "CAN"]
[SourceTitle "EXT 2022"]
[Source "ChessBase"]
[SourceDate "2021.10.06"]
[SourceVersion "1"]
[SourceVersionDate "2021.10.06"]
[SourceQuality "1"]

1. d4 Nf6 2. Nf3 e6 3. Nc3 d5 4. e3 Be7 5. Be2 O-O 6. O-O b6 7. h3 Bb7 8. a3 c5 9. b3 Nbd7 10. Ne5 Nxe5 11. dxe5 Ne4 12. Nxe4 dxe4 13. Qxd8 Rfxd8 14. Bb2 Rd2 15. Bd1 Ba6 16. Re1 Rad8 17. Bc3 R2d7 18. Bg4 Kf8 19. b4 cxb4 20. axb4 Bc4 21. Red1 Bd5 22. Be2 Rc7 23. Be1 Rxc2 24. Rd2 Rxd2 25. Bxd2 Rd7 26. Bc3 f6 27. exf6 Bxf6 28. Bxf6 gxf6 29. Bb5 Rc7 30. f3 exf3 31. gxf3 Bxf3 32. Rf1 Bc6 33. Bxc6 Rxc6 34. Rxf6+ Kg7 35. Rf4 b5 0-1

[Event "CYCC U14"]
[Site "Ottawa CAN"]
[Date "2007.07.05"]
[Round "5"]
[White "Calugar, Arthur"]
[Black "MacKinnon, Keith"]
[Result "1-0"]
[WhiteElo "2076"]
[BlackElo "1994"]
[PlyCount "77"]
[GameId "2160767910659224"]
[EventDate "2007.07.03"]
[EventType "swiss"]
[EventRounds "7"]
[EventCountry "CAN"]
[SourceTitle "EXT 2022"]
[Source "ChessBase"]
[SourceDate "2021.10.06"]
[SourceVersion "1"]
[SourceVersionDate "2021.10.06"]
[SourceQuality "1"]

1. e4 e5 2. Nf3 Nc6 3. Bb5 a6 4. Ba4 Nf6 5. O-O Nxe4 6. Re1 Nc5 7. Bxc6 dxc6 8. Nxe5 Be7 9. d4 Ne6 10. Be3 O-O 11. c4 Bf6 12. f4 Re8 13. Nc3 g6 14. Qd3 Nf8 15. Rad1 Bg7 16. Bf2 Nd7 17. h3 Nxe5 18. fxe5 Bf5 19. Qf3 f6 20. g4 Bd7 21. Bg3 fxe5 22. dxe5 Qe7 23. Ne4 Be6 24. g5 Bxc4 25. Nf6+ Bxf6 26. gxf6 Qe6 27. h4 Bxa2 28. Qf4 Bd5 29. Rf1 Rad8 30. Rxd5 cxd5 31. f7+ Kg7 32. fxe8=Q Rxe8 33. Qg5 d4 34. Rf6 Qb3 35. Rf2 c5 36. Kh2 d3 37. h5 Qd5 38. hxg6 Re6 39. gxh7+ 1-0

[Event "CYCC U14"]
[Site "Ottawa CAN"]
[Date "2007.07.05"]
[Round "5"]
[White "Hum, Jeffrey"]
[Black "Labonte, Cameron"]
[Result "1-0"]
[WhiteElo "1133"]
[BlackElo "1048"]
[PlyCount "31"]
[GameId "2160767910659225"]
[EventDate "2007.07.03"]
[EventType "swiss"]
[EventRounds "7"]
[EventCountry "CAN"]
[SourceTitle "EXT 2022"]
[Source "ChessBase"]
[SourceDate "2021.10.06"]
[SourceVersion "1"]
[SourceVersionDate "2021.10.06"]
[SourceQuality "1"]

1. e4 c6 2. d4 d5 3. e5 e6 4. Nf3 f6 5. Bd3 g5 6. O-O Nd7 7. c3 g4 8. Ne1 fxe5 9. Qxg4 Ngf6 10. Qh4 h6 11. Bg6+ Ke7 12. Bg5 Kd6 13. Nd3 Bg7 14. dxe5+ Kc7 15. exf6 hxg5 16. Qg3+ 1-0

[Event "CYCC U14"]
[Site "Ottawa CAN"]
[Date "2007.07.05"]
[Round "5"]
[White "Izquierdo, Felipe"]
[Black "Jankiewicz, Skyler"]
[Result "1-0"]
[WhiteElo "1375"]
[BlackElo "1295"]
[PlyCount "139"]
[GameId "2160767910659226"]
[EventDate "2007.07.03"]
[EventType "swiss"]
[EventRounds "7"]
[EventCountry "CAN"]
[SourceTitle "EXT 2022"]
[Source "ChessBase"]
[SourceDate "2021.10.06"]
[SourceVersion "1"]
[SourceVersionDate "2021.10.06"]
[SourceQuality "1"]

1. e4 e5 2. Nf3 Nc6 3. Bb5 f6 4. O-O Nge7 5. Nc3 a6 6. Ba4 b5 7. Bb3 Nd4 8. Nxd4 exd4 9. Ne2 c5 10. c3 dxc3 11. dxc3 c4 12. Bc2 g6 13. b3 f5 14. bxc4 bxc4 15. Qd4 Rg8 16. Qxc4 fxe4 17. Bg5 d5 18. Qd4 h6 19. Bxe7 Bxe7 20. Rfd1 Be6 21. Nf4 Qd6 22. Nxe6 Qxe6 23. Qxd5 Qxd5 24. Rxd5 Rc8 25. Ba4+ Kf8 26. Rc1 Kg7 27. Rd7 Kf6 28. Ra7 Rgd8 29. Rxa6+ Kg7 30. Rc6 Rxc6 31. Bxc6 Rd2 32. a4 Ba3 33. Re1 Rc2 34. f3 exf3 35. Bxf3 Rxc3 36. Ra1 Bc5+ 37. Kf1 Kf6 38. a5 Re3 39. a6 Kf5 40. a7 Bxa7 41. Rxa7 Rc3 42. Rh7 Kf4 43. Ke2 h5 44. Ra7 h4 45. Ra4+ Kg5 46. Rg4+ Kf6 47. Rxh4 g5 48. Ra4 Rc2+ 49. Kd3 Rc1 50. Ra2 Kf5 51. Rf2 Rc7 52. Kd4 Rd7+ 53. Bd5+ Kg6 54. Ke5 Re7+ 55. Be6 g4 56. Rf7 Rxf7 57. Bxf7+ Kxf7 58. Kf5 Kg7 59. Kxg4 Kg6 60. h4 Kf6 61. Kf4 Kg6 62. Kg4 Kf6 63. h5 Kg7 64. Kg5 Kf7 65. h6 Kg8 66. g4 Kf7 67. Kf5 Kf8 68. Kf6 Kg8 69. g5 Kf8 70. h7 1-0

[Event "CYCC U14"]
[Site "Ottawa CAN"]
[Date "2007.07.05"]
[Round "5"]
[White "Jiang, Louie"]
[Black "Gibson, Kevin"]
[Result "1/2-1/2"]
[WhiteElo "2225"]
[BlackElo "1925"]
[PlyCount "106"]
[GameId "2160767910659227"]
[EventDate "2007.07.03"]
[EventType "swiss"]
[EventRounds "7"]
[EventCountry "CAN"]
[SourceTitle "EXT 2022"]
[Source "ChessBase"]
[SourceDate "2021.10.06"]
[SourceVersion "1"]
[SourceVersionDate "2021.10.06"]
[SourceQuality "1"]

1. e4 d5 2. exd5 Nf6 3. d4 Nxd5 4. c4 Nf6 5. Nc3 c6 6. Be2 Bf5 7. Nf3 e6 8. O-O Bd6 9. h3 O-O 10. Be3 Nbd7 11. Qd2 e5 12. dxe5 Nxe5 13. Nd4 Bc8 14. Rad1 Bc7 15. Qc1 Qe7 16. Rfe1 Re8 17. Nb3 b6 18. f4 Ng6 19. Bf3 Bb7 20. Bc5 bxc5 21. Rxe7 Rxe7 22. g3 Rae8 23. Nxc5 Re3 24. Kf2 Bb6 25. N3a4 Ne4+ 26. Nxe4 Rc3+ 27. Nxb6 Rxc1 28. Rxc1 axb6 29. Nd6 Re7 30. Nxb7 Rxb7 31. Bxc6 Rc7 32. Be4 Nf8 33. b4 Nd7 34. Bf5 Kf8 35. Bxd7 Rxd7 36. Rc2 Ke7 37. Ke3 Ra7 38. c5 bxc5 39. bxc5 Ra3+ 40. Kf2 Kd7 41. c6+ Kc7 42. Kg2 f6 43. g4 g6 44. g5 fxg5 45. fxg5 Ra5 46. h4 Ra4 47. Kg3 Ra3+ 48. Kf4 Ra4+ 49. Ke5 Rxh4 50. Kf6 h6 51. Kxg6 hxg5 52. Kxg5 Ra4 53. Kf5 Ra3 1/2-1/2

[Event "CYCC U14"]
[Site "Ottawa CAN"]
[Date "2007.07.05"]
[Round "5"]
[White "Keith-Jacques, Liam"]
[Black "Wang, Jerry ZS"]
[Result "1-0"]
[WhiteElo "1982"]
[BlackElo "1577"]
[PlyCount "83"]
[GameId "2160767910659228"]
[EventDate "2007.07.03"]
[EventType "swiss"]
[EventRounds "7"]
[EventCountry "CAN"]
[SourceTitle "EXT 2022"]
[Source "ChessBase"]
[SourceDate "2021.10.06"]
[SourceVersion "1"]
[SourceVersionDate "2021.10.06"]
[SourceQuality "1"]

1. e4 e5 2. Nf3 Nc6 3. Bb5 a6 4. Ba4 Nf6 5. O-O Be7 6. Re1 b5 7. Bb3 d6 8. c3 O-O 9. h3 Na5 10. Bc2 c5 11. d4 Qc7 12. Nbd2 g6 13. Nf1 Nh5 14. Bh6 Re8 15. Ne3 Be6 16. d5 Bc8 17. g4 Nf6 18. Nf1 Nc4 19. Qc1 Bf8 20. Bxf8 Rxf8 21. b3 Nb6 22. Ng3 Kg7 23. Nh4 Ng8 24. Kh2 Qe7 25. Ng2 Nh6 26. Ne3 Qh4 27. f3 Rg8 28. Ng2 Qe7 29. g5 Qd7 30. gxh6+ Kf8 31. Kg1 f5 32. exf5 gxf5 33. Bxf5 Qf7 34. Bxc8 Rxc8 35. Ne4 Qxf3 36. Qd2 Ke7 37. Qe2 Qxh3 38. Nxd6 Kd7 39. Nxc8 Kxc8 40. Rad1 Rg6 41. d6 Rxh6 42. Qxe5 1-0

[Event "CYCC U14"]
[Site "Ottawa CAN"]
[Date "2007.07.05"]
[Round "5"]
[White "Martchenko, Alexander"]
[Black "Huang, Richard"]
[Result "1/2-1/2"]
[WhiteElo "2156"]
[BlackElo "1984"]
[PlyCount "112"]
[GameId "2160767910659229"]
[EventDate "2007.07.03"]
[EventType "swiss"]
[EventRounds "7"]
[EventCountry "CAN"]
[SourceTitle "EXT 2022"]
[Source "ChessBase"]
[SourceDate "2021.10.06"]
[SourceVersion "1"]
[SourceVersionDate "2021.10.06"]
[SourceQuality "1"]

1. e4 c5 2. Nf3 e6 3. d4 cxd4 4. Nxd4 Nc6 5. Nc3 Qc7 6. g3 a6 7. a4 Nf6 8. Bg2 Be7 9. O-O O-O 10. h3 d6 11. Nde2 b6 12. g4 Bb7 13. Ng3 h6 14. f4 Nb4 15. h4 d5 16. g5 hxg5 17. hxg5 Nxe4 18. Ngxe4 dxe4 19. Qe2 Bc5+ 20. Kh2 e3 21. Ne4 Nd5 22. Qg4 Ne7 23. Nxc5 bxc5 24. Bxe3 Nf5 25. Ra3 Nxe3 26. Rxe3 g6 27. Rf2 Kg7 28. Kg1 Bxg2 29. Qxg2 Rad8 30. Qe4 Rd4 31. Qe5+ Qxe5 32. Rxe5 Rc8 33. b3 c4 34. Kg2 cxb3 35. cxb3 Rd3 36. Rf3 Rd2+ 37. Kg3 Rcc2 38. Rfe3 Rg2+ 39. Kf3 Rcf2+ 40. Ke4 Rg4 41. Rf3 Re2+ 42. Kd4 Rxe5 43. Kxe5 Rg2 44. Kd6 f6 45. Kxe6 fxg5 46. f5 gxf5 47. Kxf5 g4 48. Rf4 g3 49. Rg4+ Kf7 50. Kf4 Rg1 51. Rxg3 Rxg3 52. Kxg3 Ke6 53. Kf4 Kd5 54. Ke3 a5 55. Kd3 Kc5 56. Kc3 Kd5 1/2-1/2

[Event "CYCC U14"]
[Site "Ottawa CAN"]
[Date "2007.07.05"]
[Round "5"]
[White "Parker, Dylan"]
[Black "Wu, Yilun"]
[Result "0-1"]
[WhiteElo "1434"]
[BlackElo "1715"]
[PlyCount "105"]
[GameId "2160767910659230"]
[EventDate "2007.07.03"]
[EventType "swiss"]
[EventRounds "7"]
[EventCountry "CAN"]
[SourceTitle "EXT 2022"]
[Source "ChessBase"]
[SourceDate "2021.10.06"]
[SourceVersion "1"]
[SourceVersionDate "2021.10.06"]
[SourceQuality "1"]

1. e4 c5 2. Nf3 Nc6 3. d4 cxd4 4. Nxd4 e5 5. Nb3 Nf6 6. Nc3 Bb4 7. Bd3 O-O 8. Bd2 Bxc3 9. Bxc3 d5 10. exd5 Nxd5 11. Qd2 Nxc3 12. Qxc3 Be6 13. O-O-O Qg5+ 14. Qd2 Qxd2+ 15. Rxd2 Nb4 16. a3 Nxd3+ 17. Rxd3 Rac8 18. Kb1 Bf5 19. Rd2 b6 20. Rc1 Rfd8 21. f3 f6 22. h4 Rxd2 23. Nxd2 Rd8 24. Nb3 h5 25. Ka1 a5 26. Ka2 a4 27. Na1 Rd2 28. Rg1 e4 29. fxe4 Bxe4 30. g3 Bxc2 31. Nxc2 Rxc2 32. Rd1 Rc5 33. b3 Rc2+ 34. Kb1 Rc3 35. bxa4 Rxa3 36. Rd6 Rxa4 37. Rxb6 Ra3 38. Rb5 Rxg3 39. Rxh5 Rh3 40. Kc2 g6 41. Rc5 Rxh4 42. Rc8+ Kg7 43. Rc7+ Kh6 44. Rc8 f5 45. Kd1 Re4 46. Rc3 Kh5 47. Rh3+ Kg4 48. Rh6 g5 49. Rd6 f4 50. Rd3 Re3 51. Rd4 Kf3 52. Rd5 g4 53. Rh5 0-1

[Event "CYCC U14"]
[Site "Ottawa CAN"]
[Date "2007.07.05"]
[Round "5"]
[White "Poulin, Mathieu"]
[Black "Nadeau, Emmanuel"]
[Result "1-0"]
[WhiteElo "1107"]
[BlackElo "1720"]
[PlyCount "55"]
[GameId "2160767910659231"]
[EventDate "2007.07.03"]
[EventType "swiss"]
[EventRounds "7"]
[EventCountry "CAN"]
[SourceTitle "EXT 2022"]
[Source "ChessBase"]
[SourceDate "2021.10.06"]
[SourceVersion "1"]
[SourceVersionDate "2021.10.06"]
[SourceQuality "1"]

1. d4 d5 2. c4 e6 3. Nc3 Nf6 4. cxd5 exd5 5. Nf3 Nc6 6. Bg5 Be7 7. e3 O-O 8. Bd3 Bg4 9. O-O Re8 10. Rb1 Nb4 11. Be2 h6 12. Bh4 Ne4 13. Bxe7 Qxe7 14. a3 Nxc3 15. bxc3 Nc6 16. Rxb7 Qxa3 17. Rxc7 Qxc3 18. Bb5 Rec8 19. Bxc6 Rxc7 20. Bxa8 Qa5 21. Qb3 Rd7 22. Ne5 Rd8 23. Bxd5 Rxd5 24. Nxg4 Rd7 25. Ne5 Rc7 26. h3 a6 27. Rb1 Re7 28. Nc6 1-0

[Event "CYCC U14"]
[Site "Ottawa CAN"]
[Date "2007.07.05"]
[Round "5"]
[White "Prysiazny, Michael"]
[Black "Chamoun, Thomas"]
[Result "1-0"]
[WhiteElo "1648"]
[BlackElo "1664"]
[PlyCount "79"]
[GameId "2160767910659232"]
[EventDate "2007.07.03"]
[EventType "swiss"]
[EventRounds "7"]
[EventCountry "CAN"]
[SourceTitle "EXT 2022"]
[Source "ChessBase"]
[SourceDate "2021.10.06"]
[SourceVersion "1"]
[SourceVersionDate "2021.10.06"]
[SourceQuality "1"]

1. e4 e6 2. d4 d5 3. Nc3 dxe4 4. Nxe4 Nd7 5. Bd3 Ngf6 6. c3 Nxe4 7. Bxe4 Nf6 8. Bd3 Be7 9. Ne2 Bd7 10. Qc2 Bc6 11. f3 Nd5 12. Nf4 Bh4+ 13. g3 Nxf4 14. Bxf4 Bg5 15. Bxg5 Qxg5 16. Be4 Bd5 17. Qd2 Qe7 18. Bxd5 exd5+ 19. Kf2 O-O-O 20. Rhe1 Qd6 21. Re2 Rhe8 22. Rae1 Re6 23. Rxe6 fxe6 24. Qd3 g6 25. Re5 c5 26. f4 Rf8 27. Kg2 c4 28. Qe2 Kd7 29. b3 b5 30. b4 Re8 31. Qg4 Qa6 32. Rxd5+ Kc6 33. Rc5+ Kd6 34. Qe2 Kd7 35. Kh3 Qb6 36. Qe5 a6 37. d5 Qd6 38. Qg7+ Re7 39. Qg8 e5 40. Qc8# 1-0

[Event "CYCC U14"]
[Site "Ottawa CAN"]
[Date "2007.07.05"]
[Round "5"]
[White "Rakov, Pavel"]
[Black "Labrador, Jhoyner"]
[Result "1-0"]
[WhiteElo "1892"]
[BlackElo "1533"]
[PlyCount "59"]
[GameId "2160767910659233"]
[EventDate "2007.07.03"]
[EventType "swiss"]
[EventRounds "7"]
[EventCountry "CAN"]
[SourceTitle "EXT 2022"]
[Source "ChessBase"]
[SourceDate "2021.10.06"]
[SourceVersion "1"]
[SourceVersionDate "2021.10.06"]
[SourceQuality "1"]

1. e4 c5 2. Nf3 d6 3. d4 cxd4 4. Nxd4 Nf6 5. Nc3 a6 6. Bg5 e6 7. f4 Be7 8. Qf3 Nc6 9. Nxc6 bxc6 10. O-O-O Qc7 11. e5 Nd5 12. Bxe7 Qxe7 13. Nxd5 cxd5 14. Bd3 Bb7 15. Rhf1 Kd7 16. exd6 Qxd6 17. f5 e5 18. Bc4 Ke7 19. Bxd5 Bxd5 20. Rxd5 Qc7 21. f6+ Ke6 22. fxg7 Rhc8 23. c3 Rcb8 24. Rfd1 Rd8 25. Rxd8 Rxd8 26. Rxd8 Qxd8 27. Qg4+ Kd5 28. Qd1+ Ke4 29. Qxd8 f5 30. g8=Q 1-0

[Event "CYCC U14"]
[Site "Ottawa CAN"]
[Date "2007.07.05"]
[Round "5"]
[White "Shaikh, Zeeshan"]
[Black "Blair, Michael"]
[Result "0-1"]
[WhiteElo "1337"]
[BlackElo "1470"]
[PlyCount "106"]
[GameId "2160767910659234"]
[EventDate "2007.07.03"]
[EventType "swiss"]
[EventRounds "7"]
[EventCountry "CAN"]
[SourceTitle "EXT 2022"]
[Source "ChessBase"]
[SourceDate "2021.10.06"]
[SourceVersion "1"]
[SourceVersionDate "2021.10.06"]
[SourceQuality "1"]

1. e4 Nc6 2. Nf3 b6 3. d4 e6 4. Nc3 Bb4 5. Bd2 Bb7 6. Bd3 Nge7 7. O-O O-O 8. e5 Bxc3 9. Bxc3 Nd5 10. Be4 Nxc3 11. bxc3 f6 12. Re1 fxe5 13. dxe5 Na5 14. Qd3 Bxe4 15. Qxe4 Qe7 16. h4 Qf7 17. Rf1 Qf5 18. Rae1 Qxe4 19. Rxe4 Nc6 20. Ng5 h6 21. Nh3 Rf5 22. f4 Raf8 23. g4 R5f7 24. g5 Ne7 25. gxh6 gxh6 26. Kh1 Nd5 27. c4 Nc3 28. Rg1+ Kh8 29. Re3 Nxa2 30. Reg3 Nb4 31. c3 Nc6 32. Rg6 Kh7 33. h5 Ne7 34. R6g4 Nf5 35. Ng5+ hxg5 36. fxg5 Rg7 37. Rf1 Ng3+ 38. Rxg3 Rxf1+ 39. Kg2 Rf5 40. g6+ Kh6 41. Kh3 Rxh5+ 42. Kg4 Rxg6+ 43. Kf4 Rxg3 44. Kxg3 Rxe5 45. Kf4 Rc5 46. Ke4 Rxc4+ 47. Kd3 Rxc3+ 48. Kxc3 a5 49. Kb3 e5 50. Kc4 a4 51. Kb4 b5 52. Kxb5 a3 53. Ka4 a2 0-1

[Event "CYCC U14"]
[Site "Ottawa CAN"]
[Date "2007.07.05"]
[Round "5"]
[White "Sundar, Avinaash"]
[Black "Mai, Lloyd"]
[Result "0-1"]
[WhiteElo "2081"]
[BlackElo "2270"]
[PlyCount "70"]
[GameId "2160767910659235"]
[EventDate "2007.07.03"]
[EventType "swiss"]
[EventRounds "7"]
[EventCountry "CAN"]

1. c4 g6 2. Nc3 Bg7 3. g3 e5 4. Bg2 d6 5. d3 c6 6. Nf3 f5 7. Rb1 Nf6 8. b4 O-O 9. O-O h6 10. Qb3 Kh7 11. b5 c5 12. Nd2 g5 13. Nd5 Nxd5 14. Bxd5 Nd7 15. a4 Nf6 16. Bg2 Rb8 17. Bb2 Be6 18. f4 Ng4 19. Rf3 gxf4 20. gxf4 exf4 21. Bxg7 Kxg7 22. Qc3+ Kh7 23. Rxf4 Rg8 24. Nf1 Qg5 25. Rf3 f4 26. Qc1 Nxh2 27. Rf2 Nxf1 28. Qxf1 Rg7 29. Rxf4 Rbg8 30. Kh1 Qh5+ 31. Kg1 Bh3 32. Rf2 Bxg2 33. Rxg2 Rxg2+ 34. Qxg2 Rxg2+ 35. Kxg2 Qxe2+ 0-1

[Event "CYCC U14"]
[Site "Ottawa CAN"]
[Date "2007.07.05"]
[Round "5"]
[White "Wang, Jesse BJ"]
[Black "Green, Aaron"]
[Result "1-0"]
[WhiteElo "1793"]
[BlackElo "1510"]
[PlyCount "55"]
[GameId "2160767910659236"]
[EventDate "2007.07.03"]
[EventType "swiss"]
[EventRounds "7"]
[EventCountry "CAN"]

1. e4 c5 2. Nc3 Nc6 3. Bb5 g6 4. Bxc6 bxc6 5. d3 d5 6. f4 Bg7 7. Nf3 Bg4 8. h3 Bxf3 9. Qxf3 d4 10. Ne2 e5 11. O-O Qc7 12. b3 O-O-O 13. fxe5 Bxe5 14. Qxf7 Qxf7 15. Rxf7 Rd7 16. Rf8+ Rd8 17. Rxd8+ Kxd8 18. Ba3 c4 19. bxc4 Kc7 20. Bc5 a6 21. Rb1 Nf6 22. Nxd4 Nd7 23. Ne6+ Kc8 24. Bd4 Re8 25. Bxe5 Rxe6 26. Bf4 Rf6 27. Bg3 Re6 28. Kf2 1-0

[Event "CYCC U14"]
[Site "Ottawa CAN"]
[Date "2007.07.05"]
[Round "5"]
[White "Xiong, Jerry"]
[Black "Fan, Brendan"]
[Result "0-1"]
[WhiteElo "2151"]
[BlackElo "1914"]
[PlyCount "149"]
[GameId "2160767910659237"]
[EventDate "2007.07.03"]
[EventType "swiss"]
[EventRounds "7"]
[EventCountry "CAN"]
[SourceTitle "EXT 2022"]
[Source "ChessBase"]
[SourceDate "2021.10.06"]
[SourceVersion "1"]
[SourceVersionDate "2021.10.06"]
[SourceQuality "1"]

1. e4 c5 2. Nf3 d6 3. d4 cxd4 4. Nxd4 Nf6 5. Nc3 Bd7 6. Bg5 e6 7. Be2 Be7 8. O-O O-O 9. Qd2 a6 10. Rad1 h6 11. Be3 e5 12. Nb3 Bc6 13. f3 b5 14. a3 Nbd7 15. Qe1 Qc7 16. Qf2 Rab8 17. Rfe1 Rfc8 18. Nd2 Qb7 19. Nf1 a5 20. Ng3 b4 21. axb4 axb4 22. Nb1 d5 23. Nf5 Bf8 24. Qg3 Kh7 25. exd5 Bxd5 26. Bd3 e4 27. fxe4 Bxe4 28. Nd2 Bxd3 29. cxd3 Qd5 30. Nd4 Nc5 31. Nc4 Nxd3 32. Nb6 Rxb6 33. Rxd3 Qc4 34. Red1 Ra6 35. Qf3 Rca8 36. b3 Qd5 37. Qf1 Qh5 38. Qf5+ Qxf5 39. Nxf5 Re6 40. Nd4 Re4 41. Nc2 Rae8 42. h3 Rc8 43. R1d2 Ree8 44. g4 Ne4 45. Re2 Nc5 46. Rd5 Nxb3 47. Kf2 Nc1 48. Bxc1 Rxe2+ 49. Kxe2 Rxc2+ 50. Bd2 Ra2 51. Rb5 g6 52. Kd1 Ra3 53. h4 Rh3 54. h5 g5 55. Rb7 Kg7 56. Bxb4 Bxb4 57. Rxb4 Re3 58. Kd2 Re5 59. Kd3 Kf6 60. Rb6+ Re6 61. Rb5 Ra6 62. Ke3 Ke6 63. Ke4 Ra4+ 64. Kf3 Rf4+ 65. Kg3 f6 66. Rb8 f5 67. gxf5+ Kxf5 68. Rb5+ Kf6 69. Ra5 Re4 70. Rb5 Re6 71. Rb8 Ke7 72. Kg4 Rf6 73. Rb7+ Kd6 74. Rb6+ Ke5 75. Rb5+ 0-1

[Event "CYCC U14"]
[Site "Ottawa CAN"]
[Date "2007.07.03"]
[Round "6"]
[White "Xiong, Jerry"]
[Black "Szalay, Karoly"]
[Result "0-1"]
[WhiteElo "2151"]
[BlackElo "2174"]
[PlyCount "110"]
[GameId "2160767910659238"]
[EventDate "2007.07.03"]
[EventType "swiss"]
[EventRounds "7"]
[EventCountry "CAN"]
[SourceTitle "EXT 2022"]
[Source "ChessBase"]
[SourceDate "2021.10.06"]
[SourceVersion "1"]
[SourceVersionDate "2021.10.06"]
[SourceQuality "1"]

1. e4 c6 2. d4 d5 3. exd5 cxd5 4. c4 Bf5 5. Nc3 Nf6 6. Nf3 e6 7. Bf4 Nc6 8. c5 Be7 9. Bb5 O-O 10. O-O Nd7 11. Qa4 Qc8 12. Rfe1 Re8 13. b4 Nf6 14. Ne2 a6 15. Bxc6 Qxc6 16. Qxc6 bxc6 17. Ne5 Rec8 18. Ng3 Bg6 19. a4 Kf8 20. Ra2 Ke8 21. Rb2 Nd7 22. Ne2 Nxe5 23. Bxe5 f6 24. Bg3 Kd7 25. Nf4 Bf7 26. Rbe2 e5 27. dxe5 fxe5 28. Rxe5 Bf6 29. R5e3 Re8 30. Nd3 Rxe3 31. Rxe3 Kd8 32. Be5 Bxe5 33. Nxe5 Be8 34. Rb3 Rb8 35. a5 g5 36. g3 Ke7 37. f4 gxf4 38. gxf4 Kf6 39. Kf2 Kf5 40. Ke3 Rd8 41. Rd3 h5 42. Rd4 Rc8 43. Kf3 Rc7 44. Rd1 Rg7 45. Nd3 Kf6 46. Re1 Bd7 47. Nf2 Rg8 48. Re5 Bf5 49. Re1 Rb8 50. Rg1 Rxb4 51. Rg8 Rb5 52. Rf8+ Ke6 53. Rh8 Bg6 54. Rh6 Kf6 55. Rh8 Rxc5 0-1